<?xml version="1.0" encoding="UTF-8"?>
<record
    xmlns:xsi="http://www.w3.org/2001/XMLSchema-instance"
    xsi:schemaLocation="http://www.loc.gov/MARC21/slim http://www.loc.gov/standards/marcxml/schema/MARC21slim.xsd"
    xmlns="http://www.loc.gov/MARC21/slim">

  <leader>00892cam a22002651  4500</leader>
  <datafield tag="952" ind1=" " ind2=" ">
    <subfield code="0">0</subfield>
    <subfield code="1">0</subfield>
    <subfield code="2">ddc</subfield>
    <subfield code="4">0</subfield>
    <subfield code="7">0</subfield>
    <subfield code="8">PSYCHOLOGY</subfield>
    <subfield code="a">MES</subfield>
    <subfield code="b">MES</subfield>
    <subfield code="c">PSYCHOLOGY</subfield>
    <subfield code="d">2021-09-08</subfield>
    <subfield code="e">35</subfield>
    <subfield code="g">653.00</subfield>
    <subfield code="l">1</subfield>
    <subfield code="o">150.72 WOD/E</subfield>
    <subfield code="p">41194</subfield>
    <subfield code="r">2022-07-19 00:00:00</subfield>
    <subfield code="s">2022-07-19</subfield>
    <subfield code="v">653.00</subfield>
    <subfield code="w">2021-09-08</subfield>
    <subfield code="y">BK</subfield>
    <subfield code="z">GL45R1</subfield>
  </datafield>
  <datafield tag="999" ind1=" " ind2=" ">
    <subfield code="c">41356</subfield>
    <subfield code="d">41356</subfield>
  </datafield>
  <controlfield tag="001">4528765</controlfield>
  <controlfield tag="003">OSt</controlfield>
  <controlfield tag="005">20210826103020.0</controlfield>
  <controlfield tag="008">721213s1954    nyua          000 0 eng  </controlfield>
  <datafield tag="010" ind1=" " ind2=" ">
    <subfield code="a">   52013912 </subfield>
  </datafield>
  <datafield tag="020" ind1=" " ind2=" ">
    <subfield code="a">8120417089</subfield>
  </datafield>
  <datafield tag="020" ind1=" " ind2=" ">
    <subfield code="a">9788120417083</subfield>
  </datafield>
  <datafield tag="040" ind1=" " ind2=" ">
    <subfield code="a">DLC</subfield>
    <subfield code="c">DLC</subfield>
    <subfield code="d">DLC</subfield>
  </datafield>
  <datafield tag="050" ind1="0" ind2="0">
    <subfield code="a">BF181</subfield>
    <subfield code="b">.W6 1954</subfield>
  </datafield>
  <datafield tag="082" ind1="0" ind2="0">
    <subfield code="a">150.72</subfield>
    <subfield code="b">WOD/E</subfield>
  </datafield>
  <datafield tag="100" ind1="1" ind2=" ">
    <subfield code="a">Woodworth, Robert Sessions,</subfield>
    <subfield code="d">1869-1962</subfield>
    <subfield code="9">8690</subfield>
  </datafield>
  <datafield tag="245" ind1="0" ind2="0">
    <subfield code="a">Experimental psychology.</subfield>
  </datafield>
  <datafield tag="250" ind1=" " ind2=" ">
    <subfield code="a">Rev. ed.</subfield>
    <subfield code="b">[by] Robert S. Woodworth [and] Harold Schlosberg.</subfield>
  </datafield>
  <datafield tag="260" ind1=" " ind2=" ">
    <subfield code="a">New York,</subfield>
    <subfield code="a">New Delhi:</subfield>
    <subfield code="b">Holt</subfield>
    <subfield code="b">CBS Publishers,</subfield>
    <subfield code="c">[1954]</subfield>
    <subfield code="c">2019.</subfield>
  </datafield>
  <datafield tag="300" ind1=" " ind2=" ">
    <subfield code="a">948 p.</subfield>
    <subfield code="b">illus.</subfield>
    <subfield code="c">24 cm.</subfield>
  </datafield>
  <datafield tag="650" ind1=" " ind2="0">
    <subfield code="a">Psychology, Experimental.</subfield>
  </datafield>
  <datafield tag="700" ind1="1" ind2=" ">
    <subfield code="a">Schlosberg, Harold,</subfield>
    <subfield code="d">1904-1964</subfield>
    <subfield code="e">joint author.</subfield>
    <subfield code="9">8691</subfield>
  </datafield>
  <datafield tag="906" ind1=" " ind2=" ">
    <subfield code="a">7</subfield>
    <subfield code="b">cbc</subfield>
    <subfield code="c">orignew</subfield>
    <subfield code="d">u</subfield>
    <subfield code="e">ocip</subfield>
    <subfield code="f">19</subfield>
    <subfield code="g">y-gencatlg</subfield>
  </datafield>
  <datafield tag="942" ind1=" " ind2=" ">
    <subfield code="2">ddc</subfield>
    <subfield code="c">BK</subfield>
    <subfield code="h">150.72</subfield>
    <subfield code="i">WOD/E</subfield>
    <subfield code="k">150.72</subfield>
    <subfield code="m">WOD/E</subfield>
  </datafield>
</record>
